Teoría de la comunicación /
Guardado en:
| Autor Principal: | |
|---|---|
| Formato: | Libro |
| Publicado: |
Stella :
,
20001
|
| Etiquetas: |
Agregar Etiqueta
Sin Etiquetas, Sea el primero en etiquetar este registro!
|
| LEADER | 00367nam a22001335a 4500 | ||
|---|---|---|---|
| 001 | CEM.cems010472 | ||
| 005 | 20060214000000.0 | ||
| 008 | 130507b######################000#0#####d | ||
| 003 | CEMS | ||
| 082 | 0 | 4 | |a CD384 |
| 100 | 1 | |a Cicalese, Gabriela R. | |
| 245 | 1 | 0 | |a Teoría de la comunicación / |
| 260 | |a Stella : |b , |c 20001 | ||
| 859 | |a CEMS |b BIB. CEMS - 11 de abril |h CD384 |i C343 |p 1746.44 |t Ej.1 | ||
